| 000 | 01506nam0a2200349 4500 | ||
|---|---|---|---|
| 001 | RU\NLR\bibl\547777 | ||
| 005 | 20260409065023.0 | ||
| 010 |
_a5-354-00819-0 _91200 |
||
| 021 |
_aRU _b2004-41442 _92056 |
||
| 035 | _a(NLR Aleph) 000539973 | ||
| 090 |
_a1406715 _c1406715 |
||
| 100 | _a20040830d2004 u y0rusy50 ca | ||
| 101 | 0 | _arus | |
| 102 | _aRU | ||
| 105 | _aa ||||||||| | ||
| 200 | 1 |
_aЛингвистическая семантика _eУчеб. для студентов фак. филол. профиля _fИ.М. Кобозева _gМГУ им. М.В. Ломоносова. Филол. фак. |
|
| 205 | _a2-е изд. | ||
| 210 |
_aМ. _cУРСС _cЕдиториал УРСС _d2004 |
||
| 215 |
_a350 с. _cил. _d22 |
||
| 225 | 1 | _aНовый лингвистический учебник | |
| 320 | _aБиблиогр.: с. 317-331 (329 назв.) | ||
| 320 | _aПредм. указ.: с. 332-346 | ||
| 606 |
_aСемантика (лингв.) _jРуководства, пособия и т.п. для высшей школы _3RU\NLR\auth\666020 _9898384 |
||
| 606 |
_aСемантика (лингв.) _jУчебные издания для высших учебных заведений _3RU\NLR\auth\666020 _9898384 |
||
| 686 | _aШ103.2я7 | ||
| 700 | 1 |
_aКобозева _bИ. М. _gИрина Михайловна _4070 |
|
| 801 | 0 |
_aRU _bNLR _c20040830 _gPSBO |
|
| 801 | 1 |
_aRU _bNLR _c20040830 |
|
| 830 | _aАвт. по кн. | ||
| 942 | _cBOOK | ||
| 980 | _aNB | ||